00579 a2200145 4500003000900000005001700009008004100026040001300067245004600080250001100126260002700137300002100164490000700185520024100192IT-RoPau20220918175943.0130301b xxu||||| |||| 00| 0 eng d cIT-RoPau aIl Direttorio della Pia Societa San Paolo a1° ed aOstia-LidobPSSPc1966 a443 pp.c18,5 cm aEP aIndice Introduzione Carta d'identità della Pia Società San Paolo Parte prima Fine e membri della Pia Società San Paolo Parte seconda Vita e opere della Pia Società San Paolo Parte terza Governo della Pia Società San Paolo